| Tag |
First Indicator |
Second Indicator |
Subfields |
| LEADER |
00000pam a2200000 a 4500 |
| 001 |
in00000050000 |
| 005 |
20151007075943.0 |
| 008 |
810717r1981 nyuaf 00010 eng |
| 010 |
|
|
|a 77087477
|
| 020 |
|
|
|a 0404167896
|
| 035 |
|
|
|a (OCoLC)07835897
|
| 035 |
|
|
|9 AAF4048AM
|
| 039 |
0 |
|
|a 2
|b 3
|c 3
|d 3
|e 3
|
| 040 |
|
|
|a DLC
|c DLC
|d TXA
|d UtOrBLW
|
| 043 |
|
|
|a am-----
|
| 049 |
|
|
|a TXAM
|c [1673367]
|
| 050 |
1 |
0 |
|a DS594
|b A48 1981
|
| 082 |
0 |
|
|a 959.8
|2 19
|
| 100 |
0 |
|
|a Alwi bin Alhady,
|d 1893-
|
| 245 |
1 |
0 |
|a Malay customs and traditions /
|c by Alwi bin Sheikh Alhady.
|
| 264 |
|
1 |
|a New York :
|b AMS Press,
|c [1981?]
|
| 300 |
|
|
|a xv, 128 pages, 7 unnumbered pages of plates :
|b illustrations ;
|c 19 cm.
|
| 336 |
|
|
|a text
|b txt
|2 rdacontent
|
| 337 |
|
|
|a unmediated
|b n
|2 rdamedia
|
| 338 |
|
|
|a volume
|b nc
|2 rdacarrier
|
| 500 |
|
|
|a Reprint. Originally published: Singapore : Donald Moore Press, 1962.
|
| 650 |
|
0 |
|a Malays (Asian people)
|x Social life and customs.
|
| 650 |
|
0 |
|a Adat law.
|
| 651 |
|
0 |
|a Malay Peninsula
|x Social life and customs.
|
| 999 |
|
|
|a MARS
|
| 999 |
f |
f |
|s c9e07dc2-36e2-3ef5-93d4-c1cb4436c610
|i 813289f2-3cc5-3ca2-a36c-f072515db3e1
|t 0
|
| 952 |
f |
f |
|p ric
|a Texas A&M University
|b Rellis Campus
|c Joint Library Facility
|d Remote Storage
|t 0
|e DS594 A48 1981
|h Library of Congress classification
|i unmediated -- volume
|m A14805944612
|
| 998 |
f |
f |
|a DS594 A48 1981
|t 0
|l Remote Storage
|